[Event "Attica-ch U08/20"]
[Site "Athens"]
[Date "2009.12.27"]
[Round "3"]
[White "Sotiropoulou, Sofia Savvina"]
[Black "Fragkou, Maria"]
[Result "1-0"]
[WhiteElo "1170"]
[BlackElo "1492"]
[PlyCount "87"]
[EventDate "2009.12.23"]
[EventType "swiss"]
[EventRounds "7"]
[EventCountry "GRE"]
[SourceTitle "EXT 2011"]
[Source "ChessBase"]
[SourceDate "2010.11.26"]
[SourceVersion "1"]
[SourceVersionDate "2010.11.26"]
[SourceQuality "1"]

1. b4 e5 2. Bb2 Nf6 3. e3 Bxb4 4. Bxe5 d6 5. Bb2 Nc6 6. Nf3 Qe7 7. c4 Be6 8. Be2 0-0-0 9. a3 Ba5 10. Nc3 Bxc3 11. Bxc3 d5 12. Qb3 dxc4 13. Bxc4 Bxc4 14. Qxc4 Ne4 15. 0-0 Nxc3 16. Qxc3 f6 17. Rfb1 b6 18. Qxc6 Kb8 19. a4 Rhe8 20. a5 Qe4 21. Qxe4 Rxe4 22. axb6 axb6 23. d4 Kb7 24. Rd1 Kc6 25. Nd2 Re6 26. Re1 Rd5 27. f3 Kb7 28. Rad1 c5 29. dxc5 bxc5 30. e4 Rd3 31. Nc4 Rxd1 32. Rxd1 Kc7 33. Kf2 g5 34. g3 h5 35. h4 g4 36. Ke3 f5 37. Rd5 gxf3 38. Rxc5+ Rc6 39. Rxc6+ Kxc6 40. exf5 Kd5 41. Kxf3 Kc6 42. f6 Kd7 43. f7 Ke7 44. Ne5 1-0